000 00557nam a2200181Ia 4500
003 GCL
008 140319s9999 xx 000 0 ara d
040 _aGCL /
_cGCL
082 0 4 _a923
_bح ج
245 1 0 _aجيل الستينات000جيل وطنى قومى موهوب يبنى مصر اليوم ومصر الغد
260 _a[S.N] :
_bالهيئة المصرية العامة للكتاب ،
_c1993
300 _a359 ص
490 _a
650 0 4 _aالعصر الحديث
650 0 4 _aمصر
650 0 4 _aرجال الدولة
942 _2ddc
_cBK
999 _c28226
_d28226